Tác động của việc nắm giữ tiền mặt lên giá trị doanh nghiệp của các công ty niêm yết ở Việt Nam : Luận văn Thạc sĩ Kinh tế. Chuyên ngành Tài chính Ngân hàng

Đánh giá tác động của lượng tiền mặt lệch khỏi mức tối ưu lên giá trị doanh nghiệp, đề xuất một số kiến nghị giúp doanh nghiệp điều chỉnh mức nắm giữ tiền mặt hợp lý nhằm làm tối đa hóa giá trị doanh nghiệp....

全面介紹

Đã lưu trong:
書目詳細資料
主要作者: Lý, Phượng Thùy Thơ
格式: 圖書
語言:Undetermined
出版: Cần Thơ Trường Đại học Cần Thơ 2017
主題:
標簽: 添加標簽
沒有標簽, 成為第一個標記此記錄!
Thư viện lưu trữ: Trung tâm Học liệu Trường Đại học Cần Thơ
LEADER 01203nam a2200193Ia 4500
001 CTU_225048
008 210402s9999 xx 000 0 und d
082 |a 332.632 
082 |b Th460 
100 |a Lý, Phượng Thùy Thơ 
245 0 |a Tác động của việc nắm giữ tiền mặt lên giá trị doanh nghiệp của các công ty niêm yết ở Việt Nam : 
245 0 |b Luận văn Thạc sĩ Kinh tế. Chuyên ngành Tài chính Ngân hàng 
245 0 |c Lý Phượng Thùy Thơ ; Nguyễn Tuấn Kiệt (Cán bộ hướng dẫn) 
260 |a Cần Thơ 
260 |b Trường Đại học Cần Thơ 
260 |c 2017 
520 |a Đánh giá tác động của lượng tiền mặt lệch khỏi mức tối ưu lên giá trị doanh nghiệp, đề xuất một số kiến nghị giúp doanh nghiệp điều chỉnh mức nắm giữ tiền mặt hợp lý nhằm làm tối đa hóa giá trị doanh nghiệp. 
650 |a Thị trường chứng khoán,Stock exchanges 
980 |a Trung tâm Học liệu Trường Đại học Cần Thơ